|
|
|
|
| LEADER |
00000cam a2200000 a 4500 |
| 001 |
vtls001483610 |
| 003 |
SK-MaSNL |
| 005 |
20260302073709.0 |
| 008 |
240226s1972 gw ab frn 001 0 ger |
| 015 |
|
|
|a SNBA1972
|
| 020 |
|
|
|q (brožované)
|
| 035 |
|
|
|a SNK000438904
|
| 035 |
|
|
|a AFF6C323-FE11-49C6-972A-811515E18D9B
|
| 035 |
|
|
|a urn:nbn:sk:snk-am00ihpy
|
| 040 |
|
|
|a SNK
|b slo
|c SNK
|e AACR2
|
| 041 |
0 |
|
|a ger
|
| 043 |
|
|
|a e-hu---
|
| 044 |
|
|
|a gw
|c DE
|
| 072 |
|
7 |
|a 913
|x Regionálna geografia
|2 konspekt
|
| 080 |
|
|
|a 913(1-192)
|2 2011
|
| 080 |
|
|
|a 341.222:341.61
|2 2011
|
| 080 |
|
|
|a 911.37
|2 2011
|
| 080 |
|
|
|a (439)
|2 2011
|
| 080 |
|
|
|a (048.8)
|2 2011
|
| 100 |
1 |
|
|a Göckenjan, Hansgerd,
|d 1938-2005
|4 aut
|9 664897
|
| 245 |
1 |
0 |
|a Hilfsvölker und Grenzwächter im mittelalterlichen Ungarn
|c von Hansgerd Göckenjan
|
| 260 |
|
|
|a Wiesbaden
|b Franz Steiner
|c 1972
|
| 300 |
|
|
|a 261 strán
|b ilustrácie, mapy
|c 23 cm
|
| 490 |
1 |
|
|a Quellen und studien zur Geschichte des Östlichen Europa
|v Band 5
|
| 504 |
|
|
|a Obsahuje bibliografické odkazy. Miestny a menný register na strane [243]-261
|
| 648 |
|
7 |
|a 5.-16. storočie
|2 SNKPH
|9 738432
|
| 650 |
0 |
7 |
|a pohraničie
|2 SNKPH
|9 66671
|
| 650 |
0 |
7 |
|a pohraničné konflikty
|2 SNKPH
|9 4449
|
| 650 |
0 |
7 |
|a geografia sídel
|2 SNKPH
|9 1088
|
| 651 |
|
7 |
|a Maďarsko
|2 SNKPHgeo
|9 16754
|
| 655 |
|
7 |
|a štúdie
|2 SNKPH
|9 57033
|
| 830 |
|
0 |
|a Quellen und studien zur Geschichte des Östlichen Europa
|9 738433
|
| 852 |
|
|
|a Slovenská národná knižnica
|
| 954 |
|
|
|a odborná, vedecká literatúra cudzojazyčná (svetová)
|2 lita
|
| 958 |
|
|
|a RK
|
| 958 |
|
|
|a TL
|
| 958 |
|
|
|a NB
|
| 958 |
|
|
|a OND
|
| 958 |
|
|
|a DE
|
| 958 |
|
|
|a EUIPO
|
| 999 |
|
|
|c 1161990
|d 1163920
|
| 952 |
|
|
|a SNK
|b SNK
|y PREZ
|7 0
|p 17A0959972
|o snkSC 34145
|i snkZK 337/74
|8 4
|0 0
|1 0
|4 0
|d 2012-10-11
|f 1
|l 0
|r 2025-09-30 00:00:00
|w 2026-02-24
|
| 952 |
|
|
|a SNK
|b SNK
|y VYP
|7 0
|p 17A0449752
|o snkSC 34145 D1
|i snkF 1254/2004
|0 0
|1 0
|4 0
|d 2004-10-15
|l 0
|r 2005-01-02 00:00:00
|w 2026-02-24
|